000 00445nam a22001577a 4500
003 NUST - PNEC
005 20170116181037.0
008 150919b xxu||||| |||| 00| 0 eng d
040 _cLIBRARY
082 _a621.815 SHA
100 _911300
_aSharma, P. C.
245 _aA text book of Machine Design :
_bMechanical Engineering design : in S.I. units
_c P. C. Sharma
260 _c1998
650 _95574
_aMachine design
_xME
942 _2ddc
_cBK
999 _c67971
_d67971